[Event "Hastings Masters"]
[Site "?"]
[Date "2009.12.31"]
[Round "4.37"]
[White "Safarian, Alek"]
[Black "Mason, Donald J"]
[Result "0-1"]
[WhiteElo "2018"]
[BlackElo "2255"]
[PlyCount "116"]
[EventDate "2009.??.??"]
[SourceDate "2009.12.31"]

1. d4 Nf6 2. c4 e6 3. Nc3 Bb4 4. e3 b6 5. Bd3 Bb7 6. Nge2 Bxg2 7. Rg1 Bf3 8.
Qc2 g6 9. Rg3 Bxe2 10. Kxe2 Nc6 11. Bd2 Nh5 12. Rf3 f5 13. a3 Bf8 14. b4 Bg7
15. b5 Ne7 16. Rg1 O-O 17. Rh3 Kh8 18. Nb1 a6 19. bxa6 Rxa6 20. Bc3 d6 21. Qb2
Nf6 22. f4 Ra7 23. Rhg3 d5 24. Nd2 Ne4 25. Rh3 Qa8 26. Bxe4 fxe4 27. Qc1 Kg8
28. Bb4 Rf7 29. Nb1 Nf5 30. Rd1 Qc8 31. c5 b5 32. c6 Ra6 33. Qc5 Qb8 34. Nc3
Rb6 35. Nb1 Ra6 36. Nc3 Rb6 37. Nb1 Bf8 38. Qc2 Bxb4 39. axb4 Qa8 40. Qc5 Rxc6
41. Qxb5 Rc2+ 42. Nd2 c6 43. Qa5 Ra7 44. Qb6 Rb7 45. Qa5 Qxa5 46. bxa5 Ra2 47.
Ke1 Rbb2 48. a6 Rxa6 49. Nf1 Raa2 50. Rd2 h5 51. Kd1 h4 52. Kc1 Rxd2 53. Nxd2
Rxd2 54. Kxd2 Kg7 55. Ke2 Kh6 56. Kf2 Kh5 57. Kg1 Kg4 58. Kg2 Ne7 0-1

[Event "Hastings Masters"]
[Site "?"]
[Date "2009.12.31"]
[Round "4.38"]
[White "Martinsen, Stig K"]
[Black "Kirk, Jason"]
[Result "0-1"]
[WhiteElo "2240"]
[BlackElo "1994"]
[PlyCount "76"]
[EventDate "2009.??.??"]
[SourceDate "2009.12.31"]

1. d4 Nf6 2. c4 e6 3. Nc3 d5 4. cxd5 exd5 5. Bg5 Be7 6. e3 O-O 7. Qc2 Re8 8.
Bd3 h6 9. Bh4 c6 10. Nge2 Nbd7 11. f3 Nf8 12. O-O Ne6 13. Bf2 Bd6 14. Kh1 Qc7
15. Bg1 c5 16. Nb5 Qe7 17. Nxd6 Qxd6 18. Qc3 cxd4 19. Nxd4 Bd7 20. Nf5 Qf8 21.
Nxh6+ gxh6 22. Qxf6 Ng5 23. Rac1 Re6 24. Qd4 Bc6 25. Bf5 Re7 26. Bf2 Rae8 27.
Rc3 f6 28. Bg3 Rg7 29. Qh4 Qe7 30. Qd4 a6 31. Bh4 Qe5 32. Qd3 Bb5 33. f4 Bxd3
34. fxe5 Bxf1 35. exf6 Rf7 36. Bxg5 hxg5 37. Bg6 Bc4 38. b3 Rxf6 0-1

[Event "Hastings Masters"]
[Site "?"]
[Date "2009.12.31"]
[Round "4.39"]
[White "Ledger, Dave J"]
[Black "Cumming, Rhys"]
[Result "1-0"]
[WhiteElo "2227"]
[BlackElo "1969"]
[PlyCount "95"]
[EventDate "2009.??.??"]
[SourceDate "2009.12.31"]

1. e4 c5 2. Nf3 Nc6 3. d4 cxd4 4. Nxd4 g6 5. Nc3 Bg7 6. Be3 Nf6 7. f3 O-O 8.
Bc4 Qb6 9. Bb3 Nxe4 10. Nd5 Qa5+ 11. c3 Nc5 12. Nxc6 dxc6 13. Nxe7+ Kh8 14.
Nxc8 Raxc8 15. O-O Rcd8 16. Qc2 Rfe8 17. Bf2 Rd7 18. Rfe1 Red8 19. Bh4 Nxb3 20.
Qxb3 g5 21. Bf2 h6 22. Re4 Qd5 23. Qxd5 Rxd5 24. Bxa7 Rd2 25. Rb1 Ra8 26. Be3
Rd5 27. a3 Rb5 28. Rb4 Rxb4 29. axb4 Ra2 30. Kf1 Kh7 31. Bd2 Kg6 32. Ke2 Kf5
33. Kd3 Be5 34. h3 Bg3 35. Be3 b5 36. Kd4 Bd6 37. g4+ Kf6 38. Kd3 Ra8 39. Re1
Rd8 40. Bb6 Rd7 41. Bd4+ Kg6 42. Re8 h5 43. Rg8+ Kh6 44. Ke4 hxg4 45. Kf5 f6
46. Rh8+ Kg7 47. Bxf6+ Kf7 48. fxg4 1-0

[Event "Hastings Masters"]
[Site "?"]
[Date "2009.12.31"]
[Round "4.40"]
[White "Young, Mel J"]
[Black "Maduekwe, Chiedu"]
[Result "0-1"]
[WhiteElo "1971"]
[BlackElo "2182"]
[PlyCount "50"]
[EventDate "2009.??.??"]
[SourceDate "2009.12.31"]

1. e4 e5 2. f4 exf4 3. Nf3 d6 4. Bc4 h6 5. h4 Nf6 6. Nc3 Nc6 7. d4 Be7 8. Bxf4
Bg4 9. Qd2 Nh5 10. O-O-O Bf6 11. Ne2 Qe7 12. e5 dxe5 13. dxe5 Bxe5 14. Bb5 O-O
15. Bxc6 Nxf4 16. Nxf4 bxc6 17. Rde1 Bxf3 18. gxf3 Qf6 19. Nd3 Bd6 20. Reg1
Rfd8 21. Rg4 Rab8 22. Rhg1 Bf8 23. Rf4 Qe6 24. b3 Rd5 25. Qc3 Qe3+ 0-1

[Event "Hastings Masters"]
[Site "?"]
[Date "2009.12.31"]
[Round "4.41"]
[White "Snape, Ian L"]
[Black "Tari, Aryan"]
[Result "1-0"]
[WhiteElo "2176"]
[BlackElo "1932"]
[PlyCount "74"]
[EventDate "2009.??.??"]
[SourceDate "2009.12.31"]

1. c4 Nf6 2. g3 g6 3. Bg2 d5 4. cxd5 Nxd5 5. Nf3 Bg7 6. O-O O-O 7. d4 Nd7 8. e4
N5b6 9. Qc2 c6 10. Rd1 Re8 11. Bf4 e6 12. Nbd2 Qe7 13. e5 Nd5 14. Bg5 Qf8 15.
Nc4 h6 16. Bc1 N7b6 17. Nd6 Rd8 18. b3 Qe7 19. Ba3 Qc7 20. Rac1 Bf8 21. h4 Bd7
22. Qd2 Kg7 23. h5 Nc8 24. Nxf7 Kxf7 25. Bxf8 Rxf8 26. Qxh6 Nce7 27. hxg6+ Ke8
28. g7 Rg8 29. Ng5 Kd8 30. Bh3 Nf5 31. Bxf5 exf5 32. Qh7 Ne7 33. d5 cxd5 34.
Nf7+ Kc8 35. Rxc7+ Kxc7 36. Nh6 Rge8 37. g8=Q Nxg8 1-0

[Event "Hastings Masters"]
[Site "?"]
[Date "2009.12.31"]
[Round "4.42"]
[White "Jaunooby, Ali R"]
[Black "Campbell, Eoin"]
[Result "1-0"]
[WhiteElo "2171"]
[BlackElo "1910"]
[PlyCount "46"]
[EventDate "2009.??.??"]
[SourceDate "2009.12.31"]

1. d4 Nf6 2. c4 g6 3. g3 Bg7 4. Bg2 O-O 5. Nc3 d6 6. e3 e5 7. Nge2 Nc6 8. h3 a6
9. d5 Ne7 10. e4 Bd7 11. g4 b5 12. b3 b4 13. Nb1 Nxe4 14. Bxe4 f5 15. gxf5 gxf5
16. Bc2 e4 17. Rg1 Ng6 18. Bg5 Qe8 19. Nd2 Qe5 20. Rb1 Rae8 21. f4 exf3 22.
Nxf3 Qc3+ 23. Kf2 f4 1-0

[Event "Hastings Masters"]
[Site "?"]
[Date "2009.12.31"]
[Round "4.43"]
[White "Kirk, Ezra"]
[Black "Lock, Gavin R"]
[Result "1-0"]
[WhiteElo "1919"]
[BlackElo "2170"]
[PlyCount "93"]
[EventDate "2009.??.??"]
[SourceDate "2009.12.31"]

1. d4 d5 2. c4 c6 3. Nc3 Nf6 4. Nf3 dxc4 5. Bg5 e6 6. e4 b5 7. e5 h6 8. Bh4 g5
9. Nxg5 hxg5 10. Bxg5 Nbd7 11. exf6 Bb7 12. g3 Qb6 13. Bg2 c5 14. d5 O-O-O 15.
O-O b4 16. Na4 Qa6 17. a3 Bxd5 18. Bxd5 Ne5 19. Qe2 Rxd5 20. axb4 cxb4 21. Nc3
Ra5 22. Rxa5 Qxa5 23. Ne4 Nd3 24. b3 Qe5 25. bxc4 Nc5 26. Re1 Qxe4 27. Qxe4
Nxe4 28. Rxe4 Bh6 29. Re5 Bxg5 30. Rxg5 Kc7 31. Rc5+ Kd6 32. Rb5 a5 33. g4 Rc8
34. Rxa5 Rb8 35. Ra1 Ke5 36. g5 Kf5 37. h4 Kg4 38. c5 Kxh4 39. f4 Kg4 40. c6
Kxf4 41. g6 Rg8 42. Kf2 fxg6 43. f7 Rc8 44. Ke2 Ke4 45. Rf1 Rf8 46. c7 Kd4 47.
Rd1+ 1-0

[Event "Hastings Masters"]
[Site "?"]
[Date "2009.12.31"]
[Round "4.44"]
[White "O'Toole, George E"]
[Black "Haria, Ravi"]
[Result "1-0"]
[WhiteElo "2146"]
[BlackElo "1840"]
[PlyCount "81"]
[EventDate "2009.??.??"]
[SourceDate "2009.12.31"]

1. e4 e6 2. d4 d5 3. e5 c5 4. c3 Qb6 5. Nf3 Nc6 6. Be2 cxd4 7. cxd4 Nge7 8. b3
Nf5 9. Bb2 Bb4+ 10. Kf1 Be7 11. h4 h5 12. g3 g6 13. Kg2 Bd7 14. Nc3 Rc8 15. Na4
Qa5 16. Rc1 O-O 17. a3 Nb8 18. Bc3 Qd8 19. b4 Qe8 20. Nc5 Bc6 21. Nd3 Ba4 22.
Qd2 b5 23. Nc5 Bxc5 24. dxc5 Nc6 25. Bd3 Nce7 26. Qb2 Nh6 27. Bd2 Ng4 28. Bg5
Kg7 29. Rce1 Ng8 30. Nd4 a6 31. f3 N4h6 32. Qd2 Qd7 33. Qf4 Nf5 34. g4 Nxd4 35.
Bf6+ Nxf6 36. exf6+ Kh7 37. Qxd4 Ra8 38. Re5 Rfd8 39. Rxh5+ Kg8 40. Qf4 gxh5
41. Qg5+ 1-0

[Event "Hastings Masters"]
[Site "?"]
[Date "2009.12.31"]
[Round "4.45"]
[White "De Coverly, Roger D"]
[Black "Lenier, Jude"]
[Result "1-0"]
[WhiteElo "2109"]
[BlackElo "1828"]
[PlyCount "91"]
[EventDate "2009.??.??"]
[SourceDate "2009.12.31"]

1. e4 e5 2. Nf3 Nc6 3. Bb5 a6 4. Ba4 Nf6 5. O-O Be7 6. Re1 b5 7. Bb3 O-O 8. d4
d6 9. c3 Bg4 10. d5 Na5 11. Bc2 c6 12. h3 Bh5 13. dxc6 Nxc6 14. Nbd2 d5 15.
exd5 Qxd5 16. Ne4 Qxd1 17. Nxf6+ Bxf6 18. Rxd1 Rad8 19. Be3 Bxf3 20. gxf3 Na5
21. Bc5 Rfe8 22. a4 Nc4 23. Rxd8 Rxd8 24. axb5 axb5 25. b4 e4 26. Bxe4 Bxc3 27.
Ra7 g6 28. Bc6 Nd6 29. Rd7 Rxd7 30. Bxd7 Be5 31. Kf1 Kg7 32. Ke2 Kh6 33. Be3+
Kh5 34. f4 Bc3 35. Bc5 Ne4 36. Be7 Bf6 37. Bxf6 Nxf6 38. Bc6 Kh4 39. Bg2 Nh5
40. Ke3 f5 41. Bc6 Nf6 42. Kd4 Ne4 43. Bxb5 Kxh3 44. Bc6 Nd6 45. Kc5 Nc8 46.
Bd7 1-0

[Event "Hastings Masters"]
[Site "?"]
[Date "2009.12.31"]
[Round "4.46"]
[White "Tozer, Philip"]
[Black "Hoare, Amy"]
[Result "1/2-1/2"]
[WhiteElo "2106"]
[BlackElo "1797"]
[PlyCount "105"]
[EventDate "2009.??.??"]
[SourceDate "2009.12.31"]

1. c4 Nf6 2. g3 e6 3. Nf3 d5 4. Bg2 Be7 5. O-O O-O 6. b3 c5 7. Bb2 Nc6 8. cxd5
Nxd5 9. Nc3 Bf6 10. Rc1 b6 11. Qc2 Bb7 12. Rfd1 Rc8 13. Qb1 Ba6 14. Nxd5 exd5
15. d3 Qe7 16. Re1 Rfd8 17. Qa1 Bxb2 18. Qxb2 d4 19. a3 h6 20. Rb1 b5 21. Rec1
b4 22. a4 Re8 23. Rc2 Qd6 24. Qc1 Ne7 25. Nd2 f5 26. Nc4 Qe6 27. Qf1 Nd5 28.
Bxd5 Qxd5 29. Qg2 Qxg2+ 30. Kxg2 Bxc4 31. dxc4 Rcd8 32. Rd2 Re6 33. e3 d3 34.
Rbd1 Red6 35. h4 g5 36. hxg5 hxg5 37. Kf3 Kf7 38. g4 Kf6 39. gxf5 Kxf5 40. e4+
Ke5 41. Ke3 Rd4 42. f3 Rf8 43. Rg1 Rg8 44. Rxg5+ Rxg5 45. f4+ Kf6 46. fxg5+
Kxg5 47. a5 a6 48. Kf3 Kf6 49. Kf4 Ke6 50. Rd1 d2 51. Ke3 Ke5 52. Rxd2 Rxd2 53.
Kxd2 1/2-1/2

[Event "Hastings Masters"]
[Site "?"]
[Date "2009.12.31"]
[Round "4.48"]
[White "Moore, Gillian A"]
[Black "Barton, R Alan"]
[Result "0-1"]
[WhiteElo "1902"]
[BlackElo "2119"]
[PlyCount "140"]
[EventDate "2009.??.??"]
[SourceDate "2009.12.31"]

1. d4 d6 2. e4 g6 3. Nf3 Bg7 4. Be2 Nd7 5. O-O e6 6. c3 Ne7 7. Bf4 b6 8. Nbd2
Bb7 9. Qc2 O-O 10. Rad1 h6 11. h3 g5 12. Bg3 Ng6 13. Bb5 Nf6 14. e5 Nh5 15.
exd6 cxd6 16. Ne4 Nhf4 17. Ba4 Rc8 18. Rfe1 d5 19. Ned2 Ba6 20. Nf1 b5 21. Bb3
b4 22. Bxf4 gxf4 23. Qd2 bxc3 24. bxc3 Qc7 25. Rc1 Qd6 26. N1h2 h5 27. Bd1 Bf6
28. Be2 Bxe2 29. Qxe2 Kg7 30. Ne5 Rh8 31. Nhf3 Bxe5 32. Nxe5 Nxe5 33. dxe5 Qe7
34. Qf3 Qg5 35. g3 Rc4 36. Kh2 fxg3+ 37. Qxg3 Qxg3+ 38. fxg3 Rhc8 39. Rcd1 Rxc3
40. Rd2 Rc2 41. Ree2 Rxd2 42. Rxd2 Rc4 43. Kg2 Re4 44. Kf3 Rxe5 45. Rd4 Re4 46.
Rxe4 dxe4+ 47. Kxe4 f5+ 48. Ke5 Kf7 49. Kf4 Kf6 50. Kf3 Kg5 51. h4+ Kf6 52. Ke2
Ke5 53. Ke3 Kf6 54. Kf3 e5 55. Ke3 Ke6 56. Kf3 Kd5 57. Ke3 Kc4 58. Kd2 Kd4 59.
Ke2 Ke4 60. a3 a6 61. a4 a5 62. Kf2 Kd3 63. Kf3 Kd2 64. g4 fxg4+ 65. Ke4 g3 66.
Kf3 e4+ 67. Kxg3 e3 68. Kf4 e2 69. Kg5 e1=Q 70. Kxh5 Qe8+ 0-1

[Event "Hastings Masters"]
[Site "?"]
[Date "2009.12.31"]
[Round "4.49"]
[White "Yurenok, Maria S"]
[Black "Obiamiwe, Paul"]
[Result "1/2-1/2"]
[WhiteElo "1968"]
[BlackElo "2046"]
[PlyCount "101"]
[EventDate "2009.??.??"]
[SourceDate "2009.12.31"]

1. f4 d5 2. Nf3 Nf6 3. e3 g6 4. d4 Bg7 5. Bd3 c5 6. c3 Nc6 7. O-O O-O 8. Nbd2
Qb6 9. Kh1 Bg4 10. h3 Bxf3 11. Qxf3 e6 12. g4 Rac8 13. Rg1 c4 14. Bc2 Qc7 15.
h4 h5 16. gxh5 Nxh5 17. Nf1 Qd8 18. Qg4 Ne7 19. Ng3 Nf6 20. Qh3 Nf5 21. Bd2
Nxg3+ 22. Rxg3 Re8 23. Rag1 Kf8 24. f5 exf5 25. Bxf5 Rc7 26. Bc2 Qc8 27. Qxc8
Rexc8 28. Rf3 Re8 29. Be1 Re6 30. Bg3 Rce7 31. Be5 Ne4 32. Bxe4 dxe4 33. Bxg7+
Kxg7 34. Rf2 Re8 35. Rh2 Kh6 36. Rg5 f6 37. Rc5 f5 38. Rxc4 Kh5 39. d5 Re5 40.
Rd4 Kg4 41. Kg2 Rh8 42. d6 Rd8 43. c4 a5 44. a3 a4 45. Kf2 Rd7 46. Rg2+ Kh5 47.
Kg3 b6 48. Rc2 Rc5 49. Rcd2 Kh6 50. Kf4 Kh5 51. Rg2 1/2-1/2

[Event "Hastings Masters"]
[Site "?"]
[Date "2009.12.31"]
[Round "4.51"]
[White "Macrae, James S"]
[Black "Dean, Michael"]
[Result "1-0"]
[WhiteElo "1753"]
[BlackElo "1718"]
[PlyCount "44"]
[EventDate "2009.??.??"]
[SourceDate "2009.12.31"]

1. d4 Nf6 2. Nf3 g6 3. Bg5 Bg7 4. e3 O-O 5. Bd3 d5 6. Nbd2 Nbd7 7. O-O c5 8. c3
c4 9. Bc2 h6 10. Bh4 Nb6 11. Qe2 Nh5 12. Rfe1 f5 13. Ne5 Bxe5 14. dxe5 Nd7 15.
f4 Nc5 16. Nf3 Ne4 17. Rad1 b6 18. Nd4 Qe8 19. a4 a6 20. Nf3 Bb7 21. Rd4 Rd8
22. Red1 Kh8 {remaining moves illegible} 1-0